| 000 | 02131nam0a22005051 4500 | ||
|---|---|---|---|
| 001 | RU\NLR\A1SV\80336 | ||
| 005 | 20251203171251.9 | ||
| 035 | _a(NLR Aleph) 009761780 | ||
| 090 |
_a10021603 _c10021603 |
||
| 100 | _a20070628d1921 u y0rusy50 ca | ||
| 101 | 0 | _arus | |
| 102 | _aRU | ||
| 135 | _acrmn mmmanaba | ||
| 200 | 1 | _aЛитературно-художественный сборник | |
| 210 |
_aРязань _cГос. изд. _d1921 |
||
| 215 |
_a107 с. _cил. _d26 см |
||
| 225 |
_aГолодающим Поволжья _fЛито Рязан. губполитпросвета |
||
| 325 | 1 | _aКопия доступна в электронной библиотеке РНБ | |
| 327 | 0 | _aАвт.: Сергей Черный, А.Манаев, К.Бальмонт, Наталия Кугушева, З.Явиц, В.Круглов, С.Спасский, Парнасова, Н.Яковлев, Б.Кевер[псевд.] и др. | |
| 620 | _dРязань | ||
| 702 | 1 |
_aЧерный _bС. _gСергей |
|
| 702 | 1 |
_aМанаев _bА. _gАндрей |
|
| 702 | 1 |
_aБальмонт _bК.Д. _f1867-1942 _gКонстантин Дмитриевич |
|
| 702 | 1 |
_aКугушева _bН.П. _f1899-1964 _gНаталья Петровна |
|
| 702 | 1 |
_aЯвиц _bЗ.Б. _f1892-не ранее 1956 _gЗиновий Борисович |
|
| 702 | 1 |
_aКруглов _bВ. _gВладимир |
|
| 702 | 1 |
_aСпасский _bС. |
|
| 702 | 1 | _aПарнасова | |
| 702 | 1 |
_aЯковлев _bН. |
|
| 702 | 1 |
_6z01790 _aКисин _bБ.М. _f1899-1986 _gБорис Моисеевич |
|
| 790 | 1 |
_6z01702 _aКевер _bБ. _gБорис |
|
| 801 | 0 |
_aRU _bNLR _c20070628 |
|
| 856 | 0 | _uhttp://vivaldi.nlr.ru/bx000073980/view | |
| 856 | 1 | _uhttp://vivaldi.nlr.ru/bx000073980/cover | |
| 856 | 2 | _uhttp://vivaldi.nlr.ru/bx000073980/text | |
| 899 |
_aРНБ _j17.134.5.81 |
||
| 899 | _aРГБ | ||
| 899 | _aРКП | ||
| 899 | _aНБ ТГУ | ||
| 901 | _eКнижные издания | ||
| 942 | _cBOOK | ||
| 980 | _aNB | ||
| 980 | _aA1SV | ||
| 980 | _aA1SV | ||